[Event "3rd Riga Tech Uni Op"]
[Site "Riga LAT"]
[Date "2013.08.10"]
[Round "8.8"]
[White "Burmakin, Vladimir"]
[Black "Paravyan, David"]
[Result "1-0"]
[WhiteTitle "GM"]
[WhiteElo "2565"]
[BlackElo "2426"]
[WhiteFideId "4105109"]
[BlackFideId "4194985"]
[EventDate "2013.08.05"]

1. d4 Nf6 2. Nf3 g6 3. Bf4 d6 4. e3 Nh5 5. Bg5 h6 6. Bh4 g5 7. Bg3 Bg7 8. c4 c5
9. Nc3 cxd4 10. Nxd4 Nxg3 11. hxg3 Nc6 12. Qd2 Bd7 13. Be2 Rc8 14. Rc1 Nxd4 15.
exd4 Qb6 16. Rd1 e6 17. d5 O-O 18. O-O Bxc3 19. Qxc3 exd5 20. Qf6 dxc4 21. Rxd6
Rc6 22. Rfd1 Be6 23. Rxc6 Qxc6 24. Qxh6 Qc5 25. Bf3 Qe5 26. Bxb7 Rb8 27. Bc6 Qg7
28. Qxg7+ Kxg7 29. Rd2 Rc8 30. Be4 c3 31. bxc3 Rxc3 32. Bd5 Rc1+ 33. Kh2 Kf6 34.
Bxe6 Kxe6 35. g4 Rc3 36. f3 a5 37. Kg3 f6 38. Kf2 Ra3 39. Ke1 Ke5 40. Re2+ Kd4
41. Kd1 Kd3 42. Rc2 a4 43. Rd2+ Ke3 44. Re2+ Kd3 45. Rc2 Ke3 46. Kc1 Rd3 47. Rc6
Kf2 48. Rxf6 Kxg2 49. f4 Rd5 50. fxg5 Rxg5 51. Rf4 a3 52. Ra4 Rc5+ 53. Kd2 Kf3
54. Kd3 Re5 55. g5 Re2 56. g6 Rxa2 57. Rg4 Kxg4 58. g7 Rg2 59. g8=Q+ Kh3 60.
Qh7+ Kg3 61. Qg6+ Kh2 62. Qd6+ Kh1 63. Qh6+ Kg1 64. Qc1+ Kh2 65. Qf4+ Kg1 66.
Qe3+ Kh2 67. Qe5+ Kg1 68. Qe1+ Kh2 69. Ke4 Rg8 70. Qd2+ Kh3 71. Qd7+ Kg2 72. Qd5
Rg3 73. Kf4+ Kh2 74. Qh5+ Rh3 75. Qe2+ Kg1 76. Kg4 Rh8 77. Qd1+ Kg2 78. Qd5+ Kf1
79. Kg3 1-0

[Event "3rd Riga Tech Uni Op"]
[Site "Riga LAT"]
[Date "2013.08.10"]
[Round "8.9"]
[White "Beinoras, Mindaugas"]
[Black "Stocek, Jiri"]
[Result "1/2-1/2"]
[WhiteTitle "IM"]
[BlackTitle "GM"]
[WhiteElo "2378"]
[BlackElo "2558"]
[WhiteFideId "12802085"]
[BlackFideId "304760"]
[EventDate "2013.08.05"]

1. d4 Nf6 2. c4 e6 3. Nf3 Bb4+ 4. Bd2 a5 5. a3 Bxd2+ 6. Qxd2 b6 7. g3 Ba6 8. Qc2
c5 9. e4 cxd4 10. Nxd4 Nc6 11. Nxc6 dxc6 12. Nc3 O-O 13. c5 Bxf1 14. Kxf1 bxc5
15. Rd1 Qe7 16. Na4 Nd7 17. Kg2 Ra7 18. Rhe1 1/2-1/2

[Event "3rd Riga Tech Uni Op"]
[Site "Riga LAT"]
[Date "2013.08.10"]
[Round "8.10"]
[White "Dastan, Muhammed Batuhan"]
[Black "Neiksans, Arturs"]
[Result "1/2-1/2"]
[WhiteTitle "IM"]
[BlackTitle "GM"]
[WhiteElo "2417"]
[BlackElo "2557"]
[WhiteFideId "6300014"]
[BlackFideId "11601388"]
[EventDate "2013.08.05"]

1. e4 c5 2. Nf3 e6 3. d4 cxd4 4. Nxd4 a6 5. Nc3 Qc7 6. Bd3 Nf6 7. f4 d6 8. Qf3
Nbd7 9. g4 h6 10. h4 h5 11. g5 Ng4 12. g6 Nc5 13. f5 fxg6 14. fxg6 Be7 15. Bg5
Rf8 16. Qg3 Bxg5 17. hxg5 Nxd3+ 18. cxd3 Qc5 19. Nc2 Qxg5 20. Qh4 Qf4 21. Ne2
Qf3 22. Qxh5 Qxd3 23. Qxg4 e5 24. Qh4 Qxc2 25. Rf1 Be6 26. Rc1 Qa4 27. Rxf8+
Kxf8 28. Rc3 Bg8 29. Rf3+ Ke8 30. Qh8 Kd7 31. Qxg7+ Kc6 32. Rc3+ Kb6 33. Qf6 Qb4
34. a3 Qxb2 35. Qxd6+ Ka7 36. Qc5+ Qb6 37. Qxe5 Qxg6 38. Qc5+ Qb6 39. Kd2 Re8
40. Ke3 Qxc5+ 41. Rxc5 b5 42. Nd4 Kb6 43. Rg5 Ka5 44. Kf4 Ka4 45. Rg3 Rd8 46.
Nc6 Rf8+ 47. Ke5 Bc4 48. Kd6 Rf1 49. Ne5 Ba2 50. Nd7 b4 51. Nc5+ Kb5 52. axb4
Bc4 53. e5 Rd1+ 54. Kc7 Kxb4 55. Nxa6+ Bxa6 56. e6 Re1 57. Kd6 Rd1+ 58. Kc7 Bb5
59. Rg4+ Kc3 60. Rg5 Ba4 61. Rg4 Be8 62. Rg8 Ba4 63. Rg4 1/2-1/2

[Event "3rd Riga Tech Uni Op"]
[Site "Riga LAT"]
[Date "2013.08.10"]
[Round "8.11"]
[White "Sulskis, Sarunas"]
[Black "Sakalauskas, Vaidas"]
[Result "0-1"]
[WhiteTitle "GM"]
[BlackTitle "IM"]
[WhiteElo "2550"]
[BlackElo "2399"]
[WhiteFideId "12800112"]
[BlackFideId "12800457"]
[EventDate "2013.08.05"]

1. e4 c5 2. f4 e6 3. Nf3 d5 4. d3 Nf6 5. Nbd2 Nc6 6. g3 Be7 7. Bg2 O-O 8. O-O b5
9. Ne5 Bb7 10. Nxc6 Bxc6 11. e5 Nd7 12. Nf3 d4 13. Nd2 Bxg2 14. Kxg2 Nb6 15. Ne4
Qd5 16. Bd2 f5 17. exf6 Bxf6 18. Qf3 Rae8 19. b3 Nd7 20. a4 b4 21. Rae1 Bd8 22.
Kg1 h6 23. Re2 Bc7 24. Rfe1 Kh8 25. Bc1 Re7 26. Nd2 Qxf3 27. Nxf3 Rfe8 28. f5 e5
29. Nh4 Kh7 30. g4 e4 31. Ng6 e3 32. Nxe7 Rxe7 33. Kg2 Nf6 34. Bxe3 dxe3 35.
Rxe3 Rxe3 36. Rxe3 Nxg4 37. Re7 Bb6 38. Kf3 Nf6 39. a5 Bxa5 40. Rxa7 Bd8 41. h3
Ng8 42. Ke4 Bf6 43. Kd5 Bd4 44. Rc7 h5 45. Kc4 h4 46. Rd7 Kh6 47. Rxd4 cxd4 48.
Kxb4 Kg5 49. Kc5 Kxf5 50. Kxd4 Kf4 51. b4 g5 52. b5 Nf6 53. b6 Nd7 54. b7 g4 0-1

[Event "3rd Riga Tech Uni Op"]
[Site "Riga LAT"]
[Date "2013.08.10"]
[Round "8.12"]
[White "Lugovskoy, Maxim"]
[Black "Baburin, Alexander"]
[Result "1-0"]
[WhiteTitle "FM"]
[BlackTitle "GM"]
[WhiteElo "2372"]
[BlackElo "2520"]
[WhiteFideId "24126454"]
[BlackFideId "2500914"]
[EventDate "2013.08.05"]

1. d4 Nf6 2. Nf3 g6 3. c4 Bg7 4. Nc3 O-O 5. e4 d6 6. Be2 Bg4 7. O-O Nfd7 8. Be3
c5 9. d5 Bxc3 10. bxc3 Nb6 11. Nd2 Bxe2 12. Qxe2 N8d7 13. f4 e6 14. dxe6 fxe6
15. Nf3 Qe7 16. Ng5 h6 17. Nf3 Kh7 18. e5 d5 19. Nd2 Na4 20. Rac1 Ndb6 21. cxd5
exd5 22. Qg4 Rf5 23. Nf3 Rg8 24. Nh4 Rff8 25. f5 gxf5 26. Qh5 f4 27. Bxf4 Qe6
28. Rf3 d4 29. Rcf1 Nd5 30. Bxh6 Qxh6 31. Rf7+ 1-0

[Event "3rd Riga Tech Uni Op"]
[Site "Riga LAT"]
[Date "2013.08.10"]
[Round "8.13"]
[White "Klenburg, Mikhail"]
[Black "Kulaots, Kaido"]
[Result "0-1"]
[WhiteTitle "IM"]
[BlackTitle "GM"]
[WhiteElo "2371"]
[BlackElo "2581"]
[WhiteFideId "14102072"]
[BlackFideId "4500261"]
[EventDate "2013.08.05"]

1. g3 g6 2. Bg2 Bg7 3. c4 e6 4. d4 d5 5. e3 Ne7 6. Ne2 O-O 7. O-O Nbc6 8. Nbc3
dxc4 9. Qa4 Nd5 10. Qxc4 Nb6 11. Qb3 e5 12. d5 Ne7 13. Rd1 Nf5 14. a4 Nd6 15.
Qc2 f5 16. b3 g5 17. f4 Qe7 18. Bd2 Bd7 19. a5 Nbc8 20. Rac1 Be8 21. Re1 c5 22.
dxc6 Bxc6 23. Nd5 Qf7 24. Nec3 e4 25. Nb4 Ne7 26. Nxc6 Nxc6 27. Ne2 Rac8 28. Qa2
h6 29. Qa4 a6 30. Rc5 Nb5 31. Rec1 Rfd8 32. Qa2 Rd3 33. Bf1 Qd7 34. R1c2 Rd8 35.
Bc3 Nxc3 36. Nxc3 Nb4 37. Qb1 Nxc2 38. Qxc2 Bd4 39. Nd5 Rxe3 40. Kg2 Kh8 41.
Nxe3 Bxe3 42. Rc7 Qd2+ 43. Qxd2 Rxd2+ 44. Kh1 gxf4 45. gxf4 Bxf4 46. Rxb7 Rxh2+
47. Kg1 Ra2 48. b4 Be3+ 49. Kh1 f4 50. Bxa6 f3 51. Rf7 Bd4 52. Bb7 Be5 53. Kg1
Bg3 54. Ba6 Ra1+ 55. Bf1 e3 56. Rxf3 e2 0-1

[Event "3rd Riga Tech Uni Op"]
[Site "Riga LAT"]
[Date "2013.08.10"]
[Round "8.14"]
[White "Vovk, Andrey"]
[Black "Tari, Aryan"]
[Result "1/2-1/2"]
[WhiteTitle "GM"]
[BlackTitle "FM"]
[WhiteElo "2581"]
[BlackElo "2401"]
[WhiteFideId "14114470"]
[BlackFideId "1510045"]
[EventDate "2013.08.05"]

1. e4 c6 2. d4 d5 3. Nc3 dxe4 4. Nxe4 Nd7 5. Bc4 Ngf6 6. Ng5 e6 7. Qe2 Nb6 8.
Bd3 c5 9. dxc5 Nbd7 10. N1f3 Nxc5 11. Bb5+ Bd7 12. O-O h6 13. Bxd7+ Ncxd7 14.
Ne4 Be7 15. Bf4 O-O 16. Rfd1 Qb6 17. c4 Rfd8 18. Nc3 Rac8 19. b3 a6 20. h3 Qa5
21. Bd2 Bb4 22. Rdc1 Qh5 23. a3 Bd6 24. Be3 Ne5 25. Nxe5 Qxe5 26. g3 b5 27. Bb6
Rd7 28. c5 Nd5 29. cxd6 Qxe2 30. Nxe2 Nxb6 31. Rxc8+ Nxc8 32. Rc1 Nxd6 1/2-1/2

[Event "3rd Riga Tech Uni Op"]
[Site "Riga LAT"]
[Date "2013.08.11"]
[Round "9.1"]
[White "Naroditsky, Daniel"]
[Black "Kovalenko, Igor"]
[Result "1/2-1/2"]
[WhiteTitle "IM"]
[BlackTitle "GM"]
[WhiteElo "2503"]
[BlackElo "2646"]
[WhiteFideId "2026961"]
[BlackFideId "14117908"]
[EventDate "2013.08.05"]

1. e4 c6 2. d4 d5 3. Nc3 dxe4 4. Nxe4 Nd7 5. Nf3 Ngf6 6. Nxf6+ Nxf6 7. Ne5 Be6
8. Be2 g6 9. O-O Bg7 10. c3 O-O 11. Bf4 Qb6 12. Nd3 Nd7 13. Be3 Bd5 14. Qc1 Rfe8
15. Nf4 Nf6 16. Re1 Qc7 17. Nxd5 Nxd5 18. Bf3 Qb6 19. Bg5 e6 20. Qd2 a5 21. h4
a4 22. a3 h5 23. Qc2 Qa5 24. Be4 Ne7 25. Bd3 Rad8 26. Bc4 Kh7 27. Re2 b5 28. Bd3
Qc7 29. Rae1 Kg8 30. g3 Qd7 31. Be4 Rc8 32. Rd1 Nd5 33. Bg2 Nb6 34. Ree1 Nc4 35.
Bf1 Qa7 36. Bg2 Nd6 37. Re2 Nf5 38. Be4 Ne7 39. Bg2 Nd5 40. Ree1 Nf6 41. Bxf6
Bxf6 42. Qe2 Kg7 43. Qf3 Qd7 44. Qf4 Be7 45. Qe5+ Kh7 46. Be4 Kg8 47. Qf4 Bd6
48. Qf6 Bf8 49. Qg5 Bg7 50. Bf3 Qc7 51. Kg2 Kh7 52. Be4 Bh6 53. Qe5 Qe7 54. Bd3
Kg8 55. Qe4 Red8 56. Qf3 Rd6 57. Bc2 Rcd8 58. Rd3 Rd5 59. Red1 Bf8 60. Bb1 Qc7
61. Qe2 Qb7 62. Kg1 Qe7 63. Ba2 Rf5 64. Bb1 Qf6 65. Re3 Rfd5 66. Rf3 Qg7 67. Ba2
R5d6 68. Rfd3 Be7 69. Kg2 R8d7 70. Qf3 Bd8 71. Qe2 Bb6 72. Qf3 Rd8 73. Qe2 Qf6
74. Rf3 Qe7 75. Rfd3 Qd7 76. Bb1 Rd5 77. Bc2 Qd6 78. Bb1 Kg7 79. Rf3 Qe7 80. Ba2
R5d6 81. Rfd3 Qd7 82. Bb1 Rd5 83. Bc2 Qb7 84. Rf3 Qc7 85. Be4 R5d6 86. Rfd3 Qd7
87. Kg1 Ba7 88. Kg2 Kg8 89. Kg1 Re8 90. Kg2 f5 91. Bf3 Qg7 92. d5 1/2-1/2

[Event "3rd Riga Tech Uni Op"]
[Site "Riga LAT"]
[Date "2013.08.11"]
[Round "9.2"]
[White "Socko, Bartosz"]
[Black "Kveinys, Aloyzas"]
[Result "1-0"]
[WhiteTitle "GM"]
[BlackTitle "GM"]
[WhiteElo "2646"]
[BlackElo "2491"]
[WhiteFideId "1107038"]
[BlackFideId "12800040"]
[EventDate "2013.08.05"]

1. d4 Nf6 2. c4 e6 3. Nc3 Bb4 4. Qc2 O-O 5. a3 Bxc3+ 6. Qxc3 b6 7. Bg5 Bb7 8. e3
d6 9. Ne2 Nbd7 10. Qd3 Qe7 11. Nc3 c5 12. Rd1 Rfd8 13. f3 h6 14. Bh4 Nf8 15. Be2
Ng6 16. Bxf6 Qxf6 17. O-O d5 18. cxd5 exd5 19. Rfe1 Rac8 20. Qd2 Nh4 21. Bf1 Nf5
22. Qf2 Qg5 23. Bd3 Nd6 24. Bb1 Nc4 25. Ba2 cxd4 26. Rxd4 Nxa3 27. h4 Qe5 28.
Qd2 Qc7 29. Rd1 b5 30. Nxd5 Bxd5 31. bxa3 1-0

[Event "3rd Riga Tech Uni Op"]
[Site "Riga LAT"]
[Date "2013.08.11"]
[Round "9.3"]
[White "Sakalauskas, Vaidas"]
[Black "Van Kampen, Robin"]
[Result "0-1"]
[WhiteTitle "IM"]
[BlackTitle "GM"]
[WhiteElo "2399"]
[BlackElo "2606"]
[WhiteFideId "12800457"]
[BlackFideId "1020854"]
[EventDate "2013.08.05"]

1. d4 d6 2. Nf3 Nf6 3. c4 g6 4. Nc3 Bf5 5. Nh4 Bd7 6. e4 e5 7. Nf3 Nc6 8. d5 Ne7
9. Be2 Bg7 10. O-O O-O 11. Ne1 Ne8 12. Nd3 f5 13. f4 exf4 14. Nxf4 Nf6 15. Bf3
fxe4 16. Nxe4 Nxe4 17. Bxe4 Nf5 18. Ne6 Bxe6 19. dxe6 Qh4 20. Bxf5 Rxf5 21. Rxf5
gxf5 22. Be3 Qxc4 23. e7 Re8 24. Rc1 Qe6 25. Bg5 h6 26. Bh4 c6 27. b3 Bf6 28.
Bxf6 Qxf6 29. Qh5 Rxe7 30. Rf1 Kg7 31. h3 Re5 32. Rf4 Re1+ 33. Kf2 Qe5 34. Qf3
Ra1 35. Kg3 Rxa2 36. Kh4 Qe1+ 37. Kh5 Qe2 38. Rxf5 Qxf3+ 39. gxf3 Rb2 40. Kg4
Rxb3 41. Rh5 Rb5 42. Rh4 Kg6 0-1

[Event "3rd Riga Tech Uni Op"]
[Site "Riga LAT"]
[Date "2013.08.11"]
[Round "9.6"]
[White "Vovk, Yuri"]
[Black "Popilski, Gil"]
[Result "1-0"]
[WhiteTitle "GM"]
[BlackTitle "GM"]
[WhiteElo "2608"]
[BlackElo "2508"]
[WhiteFideId "14113171"]
[BlackFideId "2809060"]
[EventDate "2013.08.05"]

1. Nf3 c5 2. c4 Nc6 3. Nc3 Nf6 4. g3 d5 5. cxd5 Nxd5 6. Bg2 e6 7. O-O Be7 8. d4
O-O 9. e4 Nb6 10. dxc5 Qxd1 11. Rxd1 Bxc5 12. Bf4 f6 13. Bc7 e5 14. Rac1 Bg4 15.
h3 Bh5 16. g4 Bg6 17. Nb5 Be7 18. Nh4 Be8 19. Nf5 g6 20. Nxe7+ Nxe7 21. Bf1 Nec8
22. g5 Kg7 23. gxf6+ Kxf6 24. Bd8+ Kf7 25. Nc7 Rb8 26. Nxe8 Rxe8 27. Bb5 Re6 28.
Rc7+ Kg8 29. Bd7 1-0

[Event "3rd Riga Tech Uni Op"]
[Site "Riga LAT"]
[Date "2013.08.11"]
[Round "9.7"]
[White "Kulaots, Kaido"]
[Black "Raznikov, Danny"]
[Result "1-0"]
[WhiteTitle "GM"]
[BlackTitle "IM"]
[WhiteElo "2581"]
[BlackElo "2489"]
[WhiteFideId "4500261"]
[BlackFideId "2811154"]
[EventDate "2013.08.05"]

1. e4 c5 2. Nf3 d6 3. d4 cxd4 4. Nxd4 Nf6 5. Nc3 a6 6. h3 e6 7. g4 Be7 8. g5
Nfd7 9. h4 b5 10. a3 Bb7 11. Be3 Nc6 12. Qd2 Nde5 13. Nxc6 Bxc6 14. O-O-O O-O
15. f4 Nc4 16. Bxc4 bxc4 17. h5 f5 18. h6 g6 19. Qd4 Rf7 20. exf5 exf5 21. Nd5
Bxd5 22. Qxd5 Rc8 23. Bd4 Qd7 24. Bc3 Qa7 25. Rhe1 Qc5 26. Qe6 1-0

[Event "3rd Riga Tech Uni Op"]
[Site "Riga LAT"]
[Date "2013.08.11"]
[Round "9.8"]
[White "Boruchovsky, Avital"]
[Black "Gleizerov, Evgeny"]
[Result "1/2-1/2"]
[WhiteTitle "IM"]
[BlackTitle "GM"]
[WhiteElo "2441"]
[BlackElo "2567"]
[WhiteFideId "2800055"]
[BlackFideId "4101332"]
[EventDate "2013.08.05"]

1. e4 e6 2. d4 d5 3. Nd2 Nf6 4. e5 Nfd7 5. Bd3 c5 6. c3 Nc6 7. Ndf3 cxd4 8. cxd4
f6 9. exf6 Qxf6 10. Ne2 h6 11. O-O Bd6 12. Be3 O-O 13. Rc1 Rd8 14. Bb1 Nf8 15.
Qd2 Bd7 16. Bf4 Be8 17. Bxd6 Rxd6 18. Rfe1 Bg6 1/2-1/2

[Event "3rd Riga Tech Uni Op"]
[Site "Riga LAT"]
[Date "2013.08.11"]
[Round "9.9"]
[White "Hera, Imre Jr."]
[Black "Ziska, Helgi Dam"]
[Result "1-0"]
[WhiteTitle "GM"]
[BlackTitle "IM"]
[WhiteElo "2567"]
[BlackElo "2468"]
[WhiteFideId "716855"]
[BlackFideId "7200595"]
[EventDate "2013.08.05"]

1. Nf3 Nf6 2. c4 g6 3. g3 Bg7 4. Bg2 O-O 5. O-O d6 6. d4 Nbd7 7. Nc3 e5 8. e4 a6
9. Qc2 exd4 10. Nxd4 Re8 11. Rd1 Rb8 12. h3 Qe7 13. Bg5 h6 14. Nd5 Qd8 15. Bf4
Nc5 16. Nc3 Qe7 17. Re1 Ne6 18. Nf5 gxf5 19. exf5 Qf8 20. fxe6 fxe6 21. Be3 c5
22. Rad1 b5 23. cxb5 axb5 24. Qg6 d5 25. Bxh6 Bd7 26. Bxg7 Qxg7 27. Qc2 Rbc8 28.
Re5 Bc6 29. Qc1 Kf7 30. Ne2 Nd7 31. Rg5 Qf6 32. Rg4 Ke7 33. Nf4 Kd6 34. Rg6 1-0

[Event "3rd Riga Tech Uni Op"]
[Site "Riga LAT"]
[Date "2013.08.11"]
[Round "9.10"]
[White "Stocek, Jiri"]
[Black "Collins, Sam E."]
[Result "0-1"]
[WhiteTitle "GM"]
[BlackTitle "IM"]
[WhiteElo "2558"]
[BlackElo "2463"]
[WhiteFideId "304760"]
[BlackFideId "2501198"]
[EventDate "2013.08.05"]

1. d4 d5 2. c4 e6 3. Nc3 Nf6 4. Bg5 Be7 5. e3 h6 6. Bh4 O-O 7. Rc1 Ne4 8. Bxe7
Qxe7 9. Nge2 Nxc3 10. Nxc3 c6 11. Bd3 dxc4 12. Bxc4 e5 13. O-O Nd7 14. Bb3 Nf6
15. h3 Rd8 16. Rc2 exd4 17. exd4 Qd6 18. Re1 Bf5 19. Rce2 Rd7 20. Re5 Bg6 21. d5
Rad8 22. Qf3 cxd5 23. Nxd5 Nxd5 24. Bxd5 Qb4 25. Qb3 Qxb3 26. Bxb3 Rd2 27. f4
Kf8 28. f5 f6 29. Re7 Re8 30. R7e6 Bf7 31. Rxe8+ Bxe8 32. Rc1 Bc6 33. Rc2 Rxc2
34. Bxc2 Ke7 35. Kf2 Kd6 36. g4 Ke5 37. Kg3 a5 38. a3 b5 39. Bb1 b4 40. axb4
axb4 41. Kh4 Kf4 42. Ba2 Be8 43. Be6 g5+ 44. fxg6 Bxg6 45. Bd7 Bf7 46. Ba4 Kf3
47. Bc6+ Kf2 48. Ba4 Ke3 49. Kg3 Kd2 50. Kf4 Be6 51. h4 Kc1 52. g5 hxg5+ 53.
hxg5 fxg5+ 54. Kxg5 Kxb2 55. Kf6 Bb3 56. Be8 Kc3 57. Ke5 Bc2 58. Bf7 Bd3 59. Kd6
Bc4 60. Bg6 Bd3 61. Bf7 Bc4 62. Bg6 b3 63. Kc5 Bd3 64. Bf7 b2 65. Ba2 Bc4 66.
Bb1 Bd3 67. Ba2 Bc4 68. Bb1 Bb3 69. Kb5 Kd2 70. Kb4 Bc2 71. Ba2 Kc1 0-1

[Event "3rd Riga Tech Uni Op"]
[Site "Riga LAT"]
[Date "2013.08.11"]
[Round "9.11"]
[White "Neiksans, Arturs"]
[Black "Baghdasaryan, Vahe"]
[Result "1/2-1/2"]
[WhiteTitle "GM"]
[BlackTitle "IM"]
[WhiteElo "2557"]
[BlackElo "2414"]
[WhiteFideId "11601388"]
[BlackFideId "13303139"]
[EventDate "2013.08.05"]

1. e4 c5 2. Nf3 d6 3. d4 cxd4 4. Nxd4 Nf6 5. Nc3 a6 6. Be2 e5 7. Nb3 Be6 8. O-O
Be7 9. f4 exf4 10. Bxf4 Nc6 11. Qd3 O-O 12. Qg3 Ne5 13. Rad1 Qc7 14. Nd4 Kh8 15.
Be3 b5 16. Nd5 Bxd5 17. exd5 Rfe8 18. Nf5 Bf8 19. c3 g6 20. Qh4 Ng8 21. Nd4 Bg7
22. Bg5 1/2-1/2

[Event "3rd Riga Tech Uni Op"]
[Site "Riga LAT"]
[Date "2013.08.11"]
[Round "9.12"]
[White "Dragun, Kamil"]
[Black "Dastan, Muhammed Batuhan"]
[Result "1-0"]
[WhiteTitle "GM"]
[BlackTitle "IM"]
[WhiteElo "2546"]
[BlackElo "2417"]
[WhiteFideId "1134167"]
[BlackFideId "6300014"]
[EventDate "2013.08.05"]

1. d4 d5 2. c4 e6 3. Nc3 Nf6 4. cxd5 exd5 5. Bg5 c6 6. Qc2 Be7 7. e3 Nbd7 8. Bd3
O-O 9. Nge2 Re8 10. O-O Nf8 11. f3 Nh5 12. Bxe7 Rxe7 13. Qd2 Ne6 14. Bc2 Rd7 15.
Rad1 b5 16. Rf2 Nf6 17. Bf5 Re7 18. Ng3 h5 19. e4 h4 20. Nge2 b4 21. Na4 Nf8 22.
Nc5 dxe4 23. Bxe4 Nxe4 24. fxe4 h3 25. Nf4 Nd7 26. Nxd7 Bxd7 27. Re1 Qb6 28. Nh5
f6 29. gxh3 Bxh3 30. Qd1 Be6 31. Rg2 Rd8 32. Nxf6+ Kf8 33. Nh7+ Kg8 34. Qh5
Qxd4+ 35. Kh1 Bf7 36. Qh4 Re6 37. Ng5 Rh6 38. Qxh6 gxh6 39. Ne6+ Kh7 40. Nxd4
Rxd4 41. Kg1 Bxa2 42. Ra1 Bc4 43. Rxa7+ Kh8 44. Rg6 Rd1+ 45. Kf2 Rd2+ 46. Kg3
Bb5 47. Re6 Rd8 48. Rxh6+ Kg8 49. Rhh7 Bd3 50. Kf4 Rf8+ 51. Ke3 1-0

[Event "3rd Riga Tech Uni Op"]
[Site "Riga LAT"]
[Date "2013.08.11"]
[Round "9.13"]
[White "Vovk, Andrey"]
[Black "Beinoras, Mindaugas"]
[Result "1-0"]
[WhiteTitle "GM"]
[BlackTitle "IM"]
[WhiteElo "2581"]
[BlackElo "2378"]
[WhiteFideId "14114470"]
[BlackFideId "12802085"]
[EventDate "2013.08.05"]

1. e4 e5 2. Nf3 Nc6 3. Bb5 f5 4. d3 Nf6 5. O-O fxe4 6. dxe4 Bd6 7. Bc4 Na5 8.
Bd5 Qe7 9. Bd2 c6 10. Bxa5 cxd5 11. exd5 b6 12. Bc3 Bb7 13. Re1 O-O 14. Bxe5
Bxe5 15. Rxe5 Qb4 16. Qd4 Qxd4 17. Nxd4 Ng4 18. Re2 Ba6 19. Rd2 Ne3 20. Na3 Nxd5
21. Nab5 Bb7 22. Nd6 Bc6 23. Re1 Rf6 24. Ne4 Rg6 25. Nxc6 dxc6 26. c4 Nf4 27. g3
Rf8 28. h4 h6 29. Rd7 Re6 30. gxf4 Rxf4 31. Rd8+ Kf7 32. Nd6+ 1-0

[Event "3rd Riga Tech Uni Op"]
[Site "Riga LAT"]
[Date "2013.08.11"]
[Round "9.14"]
[White "Aleksandrov, Aleksej"]
[Black "Berzinsh, Roland"]
[Result "0-1"]
[WhiteTitle "GM"]
[BlackTitle "IM"]
[WhiteElo "2626"]
[BlackElo "2400"]
[WhiteFideId "13500139"]
[BlackFideId "11600357"]
[EventDate "2013.08.05"]

1. d4 d5 2. c4 dxc4 3. e3 e5 4. Bxc4 exd4 5. exd4 Bd6 6. Nf3 Nf6 7. Qe2+ Qe7 8.
Qxe7+ Kxe7 9. O-O Be6 10. Re1 Kd7 11. b3 Re8 12. Ne5+ Kc8 13. Bb2 Nbd7 14. Na3
Nb6 15. Bxe6+ fxe6 16. Nac4 Bb4 17. Re2 Nbd5 18. a3 Bf8 19. Rae1 Nf4 20. Rc2
N4d5 21. b4 b6 22. g3 Kb7 23. Rce2 Re7 24. Nd3 Rae8 25. b5 a6 26. a4 axb5 27.
axb5 Ra8 28. Nce5 Ree8 29. Nc6 Ba3 30. Nde5 Bb4 31. Rc1 Ra2 32. Kf1 Rxb2 33.
Rxb2 Ba3 34. Rbc2 Bxc1 35. Rxc1 Ra8 36. Rc2 Ne4 37. Rb2 Ndc3 38. Kg2 Nd6 39. Nf3
Ndxb5 40. Nce5 h6 41. h4 Ra2 42. Rb3 Ra3 43. Rb2 Nd6 44. Nd3 Na4 45. Nc5+ Nxc5
46. dxc5 Nc4 47. Rb4 Rc3 48. Nd4 e5 49. Nf5 Kc6 50. cxb6 cxb6 51. Nxg7 b5 52. h5
Kc5 53. Rb1 b4 54. Ne6+ Kd6 55. Ng7 b3 56. Rd1+ Ke7 57. Nf5+ Ke6 58. Ng7+ Kf7
59. Rd7+ Kf6 60. Ne8+ Ke6 61. Rb7 b2 62. g4 Rc1 63. Ng7+ Kd5 64. g5 b1=Q 65.
Rxb1 Rxb1 66. gxh6 Rb8 67. Kg3 Nd6 68. Kg4 Rh8 69. Kg5 Nf7+ 70. Kg6 Nxh6 71. f3
Kd6 72. Kf6 Kd7 73. Ne6 Rc8 74. Ng5 Rc6+ 75. Kxe5 Ke7 76. f4 Ra6 0-1